000 00254nam a2200109Ia 4500
005 20251222144750.0
008 251222s9999||||xx |||||||||||||| ||spa||
082 _a730.944/P16
245 0 _aPagós
264 _bMusée National d'Art Moderne
942 _cLIB
999 _c19310
_d19310